Deadliest Modern Wars - Statistics

General Stats
  • This quiz has been taken 189 times
  • The average score is 5 of 10
Answer Stats
Death Toll Region War % Correct
69,069,811 Worldwide World War II
99%
23,568,559 Worldwide World War I
96%
24,300,000 Mexico Spanish Conquest of the Aztec Empire
64%
9,671,401 China Chinese Civil War
62%
6,708,204 Russia Russian Civil War
55%
8,400,000 Peru Spanish Conquest of the Inca Empire
48%
44,721,359 China Taiping Rebellion
36%
25,000,000 China Transition from Ming to Qing
29%
5,873,670 Europe Thirty Years' War
20%
9,797,959 China Dungan Revolt
5%
No matching quizzes found
Score Distribution
Percent of People with Each Score
Percentile by Number Answered
Your Score History
You have not taken this quiz